| 000 | 00618pam a2200217 a 4500 | ||
|---|---|---|---|
| 001 | 1491640 | ||
| 005 | 20180205075009.0 | ||
| 008 | 880216s1989 caua b s001 0 eng | ||
| 010 | _a 88004214 | ||
| 020 | _a0520063686 (alk. paper) | ||
| 040 |
_aDLC _cDLC _dDLC |
||
| 041 | _aeng | ||
| 080 | _a388.4068 | ||
| 082 | 0 | 0 |
_a388.4068 CHI _219 |
| 100 | 1 | _a19 | |
| 101 | _aSHP | ||
| 245 | 1 | 0 |
_aCoordination without hierarchy : _cDonald Chisholm. |
| 504 | _aBibliography: p. 245-263. | ||
| 906 |
_a7 _bcbc _corignew _d1 _eocip _f19 _gy-gencatlg |
||
| 942 |
_2ddc _cBK |
||
| 999 |
_c41787 _d41787 |
||